[Event "TCh-CZE Div1 Zapad 2012-13"]
[Site "Czech Republic CZE"]
[Date "2012.10.28"]
[Round "1.4"]
[White "Straka,V"]
[Black "Jurek,J"]
[Result "1/2-1/2"]
[BlackTitle "IM"]
[WhiteElo "2285"]
[BlackElo "2318"]
[WhiteTeam "SK Sokol Vysehrad"]
[BlackTeam "SK AD Jicin"]
[WhiteFideId "312509"]
[BlackFideId "300993"]
[EventDate "2012.10.28"]

1. d4 Nf6 2. Nf3 e6 3. Bg5 c5 4. e3 Be7 5. Nbd2 b6 6. Bd3 Bb7 7. O-O O-O 8. c3
Nc6 9. e4 cxd4 10. cxd4 Nb4 11. Bb1 Ba6 12. Re1 Bd3 13. a3 Bxb1 14. Nxb1 Na6 1/2-1/2

[Event "TCh-CZE Div1 Zapad 2012-13"]
[Site "Czech Republic CZE"]
[Date "2012.10.28"]
[Round "1.5"]
[White "Schula,M"]
[Black "Boukal,P"]
[Result "1/2-1/2"]
[WhiteTitle "FM"]
[WhiteElo "2291"]
[BlackElo "2221"]
[WhiteTeam "SK AD Jicin"]
[BlackTeam "SK Sokol Vysehrad"]
[WhiteFideId "304468"]
[BlackFideId "301906"]
[EventDate "2012.10.28"]

1. e4 e6 2. d3 d5 3. Nd2 Nf6 4. Ngf3 b6 5. g3 Be7 6. e5 Nfd7 7. Bg2 c5 8. O-O
Nc6 9. Re1 Qc7 10. Qe2 Bb7 11. h4 h6 12. c4 Nb4 13. Nf1 d4 14. a3 Nc6 15. N1h2
g6 16. Bf4 a5 17. Ng4 h5 18. Ngh2 Bf8 19. Ng5 Bg7 20. Nhf3 Nd8 21. Ne4 Bxe4 22.
Qxe4 Rb8 23. b4 Nc6 24. b5 Ne7 25. Bh3 Nf5 26. Ng5 Rc8 27. Qe2 Kf8 28. Ra2 Kg8
29. Qe4 Bh6 30. Rae2 Nf8 31. Qf3 Bxg5 32. Bxg5 Nh7 33. Bf4 Nf8 34. Kh2 Nd7 35.
Bg5 Kg7 36. Qf4 Rh7 37. Bg2 Kg8 38. Kg1 Kg7 39. Bc6 Kf8 40. Bf3 Ke8 41. Bc6 Kf8
42. f3 Ne7 43. Bxd7 Qxd7 44. g4 Ng8 45. Rg2 Ke8 46. Kh2 Qc7 47. Kh3 Qb7 48. Re4
Qc7 49. a4 Rb8 50. Rg1 Rc8 51. Rge1 Rb8 52. Qh2 Kd7 53. Rf4 Rf8 54. Qe2 Qb7 55.
Kg3 Ke8 56. Rf1 Kd7 57. Re4 Qc7 58. Kh3 Ke8 59. Qh2 Kd7 60. Qf4 Ke8 61. Kg3 Qb7
62. Bf6 Qc7 63. Rg1 Nxf6 64. Qxf6 Qe7 65. Rf4 Qxf6 66. Rxf6 Rfh8 67. Rh1 Ke7 1/2-1/2

[Event "TCh-CZE Div1 Zapad 2012-13"]
[Site "Czech Republic CZE"]
[Date "2012.10.28"]
[Round "1.6"]
[White "Vanek,P"]
[Black "Fajman,P"]
[Result "1/2-1/2"]
[WhiteElo "2219"]
[BlackElo "2288"]
[WhiteTeam "SK Sokol Vysehrad"]
[BlackTeam "SK AD Jicin"]
[WhiteFideId "305324"]
[BlackFideId "309826"]
[EventDate "2012.10.28"]

1. e4 c5 2. Nc3 Nc6 3. g3 d6 4. Bg2 g6 5. Nge2 Bg7 6. O-O e6 7. d3 Nge7 8. Be3
Nd4 9. Qd2 O-O 10. Nd1 Nxe2+ 11. Qxe2 Rb8 12. Qd2 Re8 13. Bh6 Bh8 14. Ne3 d5 15.
exd5 Nxd5 16. Nxd5 exd5 17. Bf4 Ra8 18. Rfe1 Be6 19. c3 Qd7 20. Re2 Bg4 21.
Rxe8+ Rxe8 22. Re1 Re6 23. Rxe6 Bxe6 24. h4 h5 25. b3 1/2-1/2

[Event "TCh-CZE Div1 Zapad 2012-13"]
[Site "Czech Republic CZE"]
[Date "2012.10.28"]
[Round "1.7"]
[White "Fiala,Jar"]
[Black "Chalupa,I"]
[Result "1-0"]
[WhiteElo "2207"]
[BlackElo "2167"]
[WhiteTeam "SK AD Jicin"]
[BlackTeam "SK Sokol Vysehrad"]
[WhiteFideId "309893"]
[BlackFideId "318833"]
[EventDate "2012.10.28"]

1. Nf3 d5 2. d4 e6 3. c4 c5 4. cxd5 exd5 5. Nc3 Nc6 6. g3 Nf6 7. Bg2 Be7 8. O-O
O-O 9. Bg5 c4 10. Ne5 Be6 11. Nxc6 bxc6 12. b3 Qa5 13. Na4 Rad8 14. e3 c5 15.
Bxf6 gxf6 16. Nxc5 Bxc5 17. dxc5 Qxc5 18. Qh5 cxb3 19. axb3 Qb6 20. Ra4 Qxb3 21.
Rh4 Rfe8 22. Qxh7+ Kf8 23. Rb1 Qa2 24. Rd4 Ke7 25. Rb7+ Rd7 26. Rxd7+ Kxd7 27.
Bxd5 Bxd5 28. Qxf7+ Kd6 29. Rxd5+ Qxd5 30. Qxe8 a5 31. h4 Qe5 32. Qd8+ Ke6 33.
Qg8+ Kd6 34. g4 Qe6 35. Qd8+ Kc6 36. Qd4 Qd6 37. Qa4+ Kb6 38. h5 Qb4 39. Qxb4+
axb4 40. h6 b3 41. h7 b2 42. h8=Q b1=Q+ 43. Kg2 Qg6 44. Kg3 Kb7 45. Qd8 Ka7 46.
Qd7+ Kb8 47. Qf5 Qg7 48. f4 Kc7 49. Qc5+ Kb7 50. g5 fxg5 51. Qxg5 Qa1 52. Qe7+
Kc8 53. Qc5+ Kb7 54. f5 Ka8 55. Kf4 Qb1 56. f6 Qf1+ 57. Ke5 Qf2 58. Ke6 Qg3 59.
Qf8+ Ka7 1-0

[Event "TCh-CZE Div1 Zapad 2012-13"]
[Site "Czech Republic CZE"]
[Date "2012.10.28"]
[Round "1.8"]
[White "Vodicka,Vlas"]
[Black "Novotny,Jar1"]
[Result "1/2-1/2"]
[WhiteElo "2124"]
[BlackElo "2165"]
[WhiteTeam "SK Sokol Vysehrad"]
[BlackTeam "SK AD Jicin"]
[WhiteFideId "309842"]
[BlackFideId "303321"]
[EventDate "2012.10.28"]

1. d4 d5 2. c4 c6 3. Nf3 Nf6 4. Nc3 e6 5. Bg5 Nbd7 6. e3 Qa5 7. Nd2 Bb4 8. Qc2
O-O 9. Be2 c5 10. O-O cxd4 11. Nb3 Qb6 12. exd4 dxc4 13. Bxc4 Qc7 14. Qe2 Bxc3
15. bxc3 b6 16. Rac1 Bb7 17. Nd2 Rac8 18. Bd3 Rfe8 19. f4 Qd6 20. Nc4 Qd5 21.
Ne3 Qa5 1/2-1/2

[Event "TCh-CZE Div1 Zapad 2012-13"]
[Site "Czech Republic CZE"]
[Date "2012.10.28"]
[Round "1.2"]
[White "Kulhanek,T"]
[Black "Lechtynsky,J"]
[Result "1/2-1/2"]
[WhiteTitle "IM"]
[BlackTitle "GM"]
[WhiteElo "2387"]
[BlackElo "2385"]
[WhiteTeam "1. Novoborsky SK B"]
[BlackTeam "QCC Ceske Budejovice"]
[WhiteFideId "309656"]
[BlackFideId "300217"]
[EventDate "2012.10.28"]

1. e4 e6 2. d4 d5 3. e5 c5 4. c3 Nc6 5. Nf3 Qb6 6. a3 c4 7. Nbd2 Na5 8. g3 Bd7
9. Bh3 Ne7 10. O-O h6 11. Re1 Nc8 12. Rb1 Qc7 13. Qe2 Nb6 14. Nf1 O-O-O 15. Nh4
Be7 16. Ng2 Kb8 17. Bg4 g6 18. h4 h5 19. Bh3 Rdf8 20. Bf4 Nc6 21. Nh2 Bd8 22.
Nf3 Ka8 23. Qe3 Ne7 24. Bg5 Ng8 25. Bf4 Qc6 1/2-1/2

[Event "TCh-CZE Div1 Zapad 2012-13"]
[Site "Czech Republic CZE"]
[Date "2012.10.28"]
[Round "1.4"]
[White "Kucera,P1"]
[Black "Cuhra,M"]
[Result "1/2-1/2"]
[WhiteTitle "FM"]
[WhiteElo "2379"]
[BlackElo "2236"]
[WhiteTeam "1. Novoborsky SK B"]
[BlackTeam "QCC Ceske Budejovice"]
[WhiteFideId "300551"]
[BlackFideId "327735"]
[EventDate "2012.10.28"]

1. d4 Nf6 2. c4 e6 3. Nf3 c5 4. Nc3 cxd4 5. Nxd4 a6 6. e4 Qc7 7. Be2 Be7 8. O-O
O-O 9. Be3 d6 10. Rc1 Nbd7 11. f4 b6 12. Bf3 Bb7 13. Qe2 Rac8 14. b3 Qb8 15. f5
e5 16. Nc2 b5 17. Nd5 Bd8 18. g4 bxc4 19. bxc4 Nc5 20. Rb1 Qa8 21. Qg2 Nxd5 22.
cxd5 Nd3 23. Qd2 Nf4 24. Rb2 a5 25. Rfb1 Ba6 26. Ne1 a4 27. Ng2 a3 28. Rb3 Bc4
29. Rb7 Ba5 30. Qd1 Bxa2 31. Ra7 Nh3+ 32. Kf1 Qxa7 33. Bxa7 Bxb1 34. Qxb1 Ra8
35. Qb3 Rxa7 36. Qxa3 Rd8 37. Bd1 Nf4 38. Qb2 Nxg2 39. Kxg2 Raa8 40. Qb7 Bd2 41.
h4 Be3 42. g5 Ra7 43. Qc6 g6 44. f6 Ra2+ 45. Kf3 Bc5 46. Kg4 Ra1 47. Bf3 Rg1+
48. Kh3 Rf8 49. Qb7 Bf2 50. Bg2 Ra1 51. Qb2 Bd4 52. Qb7 Ra3+ 53. Kg4 Ra2 54. Bf3
Rh2 55. Kg3 Rb2 56. Qc6 Bf2+ 57. Kg4 Bc5 58. Kg3 Rfb8 59. Qc7 R2b6 60. Qd7 Be3
61. Kg4 Ra8 62. Qc7 Rba6 63. Qd7 Bf4 64. Qb7 Ra1 65. Kh3 Rf8 66. Qb6 Rc8 67. Qb7
Rca8 68. Qc6 Rd8 69. Qb6 Raa8 70. Qc7 h5 71. gxh6 Bxh6 72. Qb6 Bf8 73. Qe3 Kh7
74. h5 Bh6 75. Qb6 Bg5 76. Qc7 Rf8 77. Qxd6 Rae8 78. Bg4 Kh6 79. hxg6 fxg6 80.
Bd7 Rd8 81. Qc6 Rxf6 82. Be6 Rf4 83. d6 Rf3+ 84. Kg2 Rd3 85. d7 Rd2+ 86. Kh3 Rf8
87. Bf5 Bf6 88. Qc1 Bg5 89. Qc6 Rd3+ 90. Kg2 Bf6 91. Qc8 Rd8 92. Be6 Rd6 93. Bh3
Rd2+ 94. Kf1 Bh4 95. Be6 Rf2+ 96. Kg1 Rdf8 97. Bh3 Bd8 98. Qc5 R2f3 99. Bg2 R3f7
100. Bh3 Bf6 101. Qd6 Ra8 102. Be6 Rff8 103. Bd5 Rab8 104. Bb7 Kg7 105. Ba6 Rb2
106. Bc4 Ra8 107. Bf1 Rb1 108. Qc6 Raa1 109. Qxf6+ Kxf6 110. d8=Q+ Kg7 111. Qe7+
Kh6 112. Qh4+ Kg7 113. Qe7+ 1/2-1/2

[Event "TCh-CZE Div1 Zapad 2012-13"]
[Site "Czech Republic CZE"]
[Date "2012.10.28"]
[Round "1.5"]
[White "Richtrova,E"]
[Black "Vrana,J"]
[Result "1/2-1/2"]
[WhiteTitle "WGM"]
[BlackTitle "FM"]
[WhiteElo "2216"]
[BlackElo "2275"]
[WhiteTeam "QCC Ceske Budejovice"]
[BlackTeam "1. Novoborsky SK B"]
[WhiteFideId "300683"]
[BlackFideId "322369"]
[EventDate "2012.10.28"]

1. c4 e5 2. Nc3 Nc6 3. g3 g6 4. Bg2 Bg7 5. d3 d6 6. e3 Nge7 7. Nge2 O-O 8. O-O
Bg4 9. h3 Be6 10. Nd5 Qd7 11. Kh2 Nd8 12. Rb1 c6 13. Nxe7+ Qxe7 14. Bd2 f5 15.
f4 Nf7 16. b4 Rad8 17. b5 d5 18. bxc6 bxc6 19. cxd5 Bxd5 20. Bxd5 Rxd5 21. Rb3
Rfd8 22. Qc2 Qd7 23. Nc1 e4 24. d4 c5 25. Ne2 cxd4 26. exd4 Bxd4 27. Nxd4 Rxd4
28. Bc1 Rd3 29. Rf2 Rc8 30. Qb2 Rxb3 31. axb3 Qd3 32. Rg2 Qc3 33. Qxc3 Rxc3 34.
Bb2 Rxb3 35. Bd4 a6 36. Rc2 Rb8 37. g4 fxg4 38. hxg4 a5 39. Ra2 Ra8 40. Ra4 Nd6
41. Be5 Nb7 42. Rxe4 a4 43. Rc4 Nd8 44. Rc7 Nf7 45. Ba1 a3 46. Kg3 a2 47. f5 g5
48. f6 h6 49. Kf3 Nd6 50. Rd7 Ra3+ 51. Ke2 Nf7 52. Rb7 Ra8 53. Kf2 Kf8 54. Rc7
Nd6 55. Rd7 Nf7 56. Rc7 Nd6 57. Rd7 1/2-1/2

[Event "TCh-CZE Div1 Zapad 2012-13"]
[Site "Czech Republic CZE"]
[Date "2012.10.28"]
[Round "1.6"]
[White "Vaculik,M"]
[Black "Bostl,F"]
[Result "1-0"]
[WhiteTitle "FM"]
[WhiteElo "2277"]
[BlackElo "2209"]
[WhiteTeam "1. Novoborsky SK B"]
[BlackTeam "QCC Ceske Budejovice"]
[WhiteFideId "310751"]
[BlackFideId "314579"]
[EventDate "2012.10.28"]

1. e4 Nc6 2. Nf3 d5 3. exd5 Qxd5 4. Nc3 Qh5 5. Nb5 Kd8 6. d4 a6 7. Nc3 Bg4 8.
Be2 Nf6 9. h3 Ke8 10. Bf4 Bxf3 11. Bxf3 Qa5 12. O-O Rd8 13. d5 Nb4 14. Bd2 Qc5
15. Na4 Qd6 16. c4 b5 17. c5 Qd7 18. Bxb4 bxa4 19. c6 Qf5 20. Qxa4 Nxd5 21. Rad1
e6 22. Bxd5 Rxd5 23. Rxd5 Qxd5 24. Bxf8 Rxf8 25. Rd1 Qe5 26. Qb4 Qb5 27. Rd8+ 1-0

[Event "TCh-CZE Div1 Zapad 2012-13"]
[Site "Czech Republic CZE"]
[Date "2012.10.28"]
[Round "1.8"]
[White "Novotny,Viktor"]
[Black "Rajnys,V"]
[Result "0-1"]
[WhiteElo "2149"]
[BlackElo "2040"]
[WhiteTeam "1. Novoborsky SK B"]
[BlackTeam "QCC Ceske Budejovice"]
[WhiteFideId "333697"]
[BlackFideId "308200"]
[EventDate "2012.10.28"]

1. e4 c5 2. Nc3 Nc6 3. f4 g6 4. Nf3 Bg7 5. Bc4 e6 6. f5 Nge7 7. fxe6 dxe6 8. O-O
O-O 9. d3 a6 10. a3 b5 11. Ba2 Nd4 12. Ne2 Nec6 13. Nexd4 Nxd4 14. c3 Nxf3+ 15.
Qxf3 Bb7 16. Bf4 Qd7 17. Rad1 Rac8 18. Qe3 f6 19. Bh6 Kh8 20. Rf3 e5 21. Bxg7+
Kxg7 22. Rh3 h5 23. Rh4 Qe7 24. Rh3 Rcd8 25. Rg3 Bc8 26. h3 Rfe8 27. Qe2 Kh7 28.
Rf1 Rf8 29. Bd5 h4 30. Rgf3 Kg7 31. Qf2 g5 32. d4 cxd4 33. cxd4 exd4 34. Qxd4
Be6 35. Rc1 Rd7 36. Rfc3 Bxd5 37. exd5 Rfd8 38. Rc5 Qe5 39. Qxe5 fxe5 40. Kf2
Rxd5 41. Rxd5 Rxd5 42. Ke3 Kf6 43. Rc6+ Kf5 44. Rxa6 e4 45. b4 Rd3+ 46. Kf2 Rb3
47. Ra5 Kf4 48. Rxb5 Rxa3 49. Rb8 Ra2+ 50. Kg1 Kg3 51. Kf1 Rf2+ 52. Ke1 Rxg2 53.
b5 Rb2 54. Re8 Rxb5 55. Rxe4 Kxh3 56. Kf2 g4 57. Re1 Kh2 58. Re4 g3+ 59. Kf3 h3
60. Re2+ g2 0-1

[Event "TCh-CZE Div1 Zapad 2012-13"]
[Site "Czech Republic CZE"]
[Date "2012.10.28"]
[Round "1.2"]
[White "Kourousis,E"]
[Black "Hinks Edwards,T"]
[Result "1-0"]
[BlackTitle "IM"]
[WhiteElo "2354"]
[BlackElo "2414"]
[WhiteTeam "SK Holdia DP Praha B"]
[BlackTeam "TJ Sokol Praha - Kobylisy"]
[WhiteFideId "4211626"]
[BlackFideId "403938"]
[EventDate "2012.10.28"]

1. d4 Nf6 2. c4 e6 3. g3 d5 4. Nf3 dxc4 5. Bg2 Bb4+ 6. Bd2 a5 7. O-O b5 8. a4
Bxd2 9. Nfxd2 Ra7 10. axb5 Qxd4 11. Qa4 Bd7 12. Nxc4 Nd5 13. Nd6+ 1-0

[Event "TCh-CZE Div1 Zapad 2012-13"]
[Site "Czech Republic CZE"]
[Date "2012.10.28"]
[Round "1.3"]
[White "Forman,S"]
[Black "Michalek,J"]
[Result "0-1"]
[WhiteTitle "FM"]
[BlackTitle "IM"]
[WhiteElo "2320"]
[BlackElo "2308"]
[WhiteTeam "TJ Sokol Praha - Kobylisy"]
[BlackTeam "SK Holdia DP Praha B"]
[WhiteFideId "311677"]
[BlackFideId "303976"]
[EventDate "2012.10.28"]

1. d4 Nf6 2. c4 g6 3. Nc3 Bg7 4. e4 d6 5. h3 O-O 6. Nf3 e5 7. Be3 exd4 8. Nxd4
Re8 9. Qc2 Nbd7 10. O-O-O c6 11. g4 Qe7 12. Bg2 Nb6 13. g5 Nh5 14. b3 Qe5 15.
Nde2 Be6 16. f4 Qa5 17. Nb1 d5 18. c5 Nd7 19. a3 dxe4 20. b4 Qc7 21. Bxe4 a5 22.
f5 gxf5 23. Bxf5 axb4 24. Bxh7+ Kh8 25. Rd4 Qe5 26. Re4 b3 27. Qd3 Qb2+ 28. Kd1
Qc2+ 29. Qxc2 bxc2+ 30. Kxc2 Kxh7 31. Rh4 Kg6 32. Rxh5 Bf5+ 33. Kd2 Kxh5 34.
Nf4+ Kh4 35. Ng2+ Kg3 36. Rg1 Bxb1 37. Ne1+ Kxh3 38. Ng2 Be5 0-1

[Event "TCh-CZE Div1 Zapad 2012-13"]
[Site "Czech Republic CZE"]
[Date "2012.10.28"]
[Round "1.4"]
[White "Freisler,P"]
[Black "Jancarik,J"]
[Result "1-0"]
[WhiteTitle "IM"]
[WhiteElo "2313"]
[BlackElo "2242"]
[WhiteTeam "SK Holdia DP Praha B"]
[BlackTeam "TJ Sokol Praha - Kobylisy"]
[WhiteFideId "301477"]
[BlackFideId "331996"]
[EventDate "2012.10.28"]

1. Nf3 Nf6 2. c4 g6 3. Nc3 d5 4. d4 Bg7 5. Bf4 O-O 6. e3 c5 7. dxc5 Qa5 8. Rc1
dxc4 9. Bxc4 Qxc5 10. Bb3 Nc6 11. O-O Qh5 12. h3 b6 13. Nd5 Rd8 14. Ne5 Nxd5 15.
Nxc6 Ba6 16. Bxd5 Be2 17. Qb3 e6 18. Ne7+ 1-0

[Event "TCh-CZE Div1 Zapad 2012-13"]
[Site "Czech Republic CZE"]
[Date "2012.10.28"]
[Round "1.5"]
[White "Kopta,P"]
[Black "Bednar,Ma"]
[Result "1/2-1/2"]
[WhiteElo "2303"]
[BlackElo "2270"]
[WhiteTeam "TJ Sokol Praha - Kobylisy"]
[BlackTeam "SK Holdia DP Praha B"]
[WhiteFideId "309109"]
[BlackFideId "331007"]
[EventDate "2012.10.28"]

1. d4 Nf6 2. c4 g6 3. Nc3 d5 4. Nf3 Bg7 5. e3 O-O 6. b4 c6 7. Bd2 Bg4 8. h3 Bxf3
9. Qxf3 Re8 10. cxd5 cxd5 11. Bb5 Nc6 12. O-O e5 13. dxe5 Ne4 14. Nxe4 dxe4 15.
Qe2 Bxe5 16. Rac1 Rc8 17. Rfd1 Qb6 1/2-1/2

[Event "TCh-CZE Div1 Zapad 2012-13"]
[Site "Czech Republic CZE"]
[Date "2012.10.28"]
[Round "1.8"]
[White "Cesal,J"]
[Black "Janda,J"]
[Result "1-0"]
[WhiteTitle "FM"]
[WhiteElo "2199"]
[BlackElo "2192"]
[WhiteTeam "SK Holdia DP Praha B"]
[BlackTeam "TJ Sokol Praha - Kobylisy"]
[WhiteFideId "300900"]
[BlackFideId "319678"]
[EventDate "2012.10.28"]

1. d4 Nf6 2. Nf3 c5 3. c3 g6 4. dxc5 Qc7 5. b4 a5 6. Na3 Na6 7. Qb3 Bg7 8. Bb2
O-O 9. e3 axb4 10. cxb4 b6 11. Nb5 Qd8 12. cxb6 Qxb6 13. Be2 d6 14. a3 Bd7 15.
Nc3 Nc5 16. Qa2 Na4 17. Nxa4 Rxa4 18. O-O Rfa8 19. Ng5 e6 20. Qb3 h6 21. Nf3 Nd5
22. Bxg7 Kxg7 23. Bc4 Nf6 24. Rfd1 Ne8 25. Qb2+ Kg8 26. Ne5 Bb5 27. Bxb5 Qxb5
28. Ng4 Qg5 29. h3 h5 30. f4 Qe7 31. Nf2 Qa7 32. Rd3 Qb6 33. Kh2 Qb5 34. Rd4 e5
35. Rd2 exf4 36. exf4 Qf5 37. Rd4 Qf6 38. Nd1 Rxa3 39. Rxa3 Rxa3 40. b5 Ra8 41.
b6 Rb8 42. Ne3 Rb7 43. Nd5 Qg7 44. Qd2 Kf8 45. Rc4 1-0

[Event "TCh-CZE Div1 Zapad 2012-13"]
[Site "Czech Republic CZE"]
[Date "2012.10.28"]
[Round "1.1"]
[White "Sodoma,J"]
[Black "Bernasek,J"]
[Result "0-1"]
[WhiteTitle "IM"]
[BlackTitle "IM"]
[WhiteElo "2380"]
[BlackElo "2506"]
[WhiteTeam "Sokol Praha - Vrsovice"]
[BlackTeam "SK ERA Postovni sporitelna"]
[WhiteFideId "323195"]
[BlackFideId "311995"]
[EventDate "2012.10.28"]

1. d4 Nf6 2. c4 c5 3. d5 b5 4. cxb5 a6 5. bxa6 Bxa6 6. Nc3 d6 7. g3 g6 8. Bg2
Bg7 9. Nf3 Nbd7 10. O-O Nb6 11. Nd2 O-O 12. Qc2 Bb7 13. e4 Ba6 14. Rd1 Ng4 15.
Nf3 Nc4 16. h3 Nge5 17. Nxe5 Nxe5 18. b3 Qa5 19. Bb2 c4 20. Na4 Bb5 21. f4 Rfc8
22. fxe5 cxb3 23. Qf2 Qxa4 24. e6 f6 25. axb3 Qxb3 26. Rxa8 Qxd1+ 0-1

[Event "TCh-CZE Div1 Zapad 2012-13"]
[Site "Czech Republic CZE"]
[Date "2012.10.28"]
[Round "1.2"]
[White "Cernousek,L"]
[Black "Svatos,J"]
[Result "1-0"]
[WhiteTitle "IM"]
[WhiteElo "2434"]
[BlackElo "2284"]
[WhiteTeam "SK ERA Postovni sporitelna"]
[BlackTeam "Sokol Praha - Vrsovice"]
[WhiteFideId "311707"]
[BlackFideId "304174"]
[EventDate "2012.10.28"]

1. d4 d5 2. c4 c6 3. Nf3 Nf6 4. Nc3 dxc4 5. a4 Bg4 6. Ne5 Bh5 7. f3 e6 8. e4
Nfd7 9. Nxc4 a5 10. Be3 Bb4 11. Be2 O-O 12. O-O Na6 13. Qb3 Qe7 14. Na2 c5 15.
Nxb4 Nxb4 16. Rac1 cxd4 17. Bxd4 e5 18. Be3 Nc5 19. Qa3 Nd7 20. Nb6 Nxb6 21.
Bxb6 Rfe8 22. Rc7 Qd6 23. Qe3 Re6 24. Rfc1 h6 25. Rxb7 Nc6 26. Bc5 Qd8 27. Bc4
Rf6 28. Bd5 Rb8 29. Bb6 Qe8 30. Rxc6 Rxb7 31. Rxf6 gxf6 32. Bxb7 Qxa4 33. b3 1-0

[Event "TCh-CZE Div1 Zapad 2012-13"]
[Site "Czech Republic CZE"]
[Date "2012.10.28"]
[Round "1.3"]
[White "Matras,On"]
[Black "Jirka,J"]
[Result "1/2-1/2"]
[WhiteTitle "FM"]
[BlackTitle "IM"]
[WhiteElo "2260"]
[BlackElo "2411"]
[WhiteTeam "Sokol Praha - Vrsovice"]
[BlackTeam "SK ERA Postovni sporitelna"]
[WhiteFideId "309125"]
[BlackFideId "311731"]
[EventDate "2012.10.28"]

1. d4 d5 2. c4 c6 3. Nc3 Nf6 4. Nf3 a6 5. c5 Nbd7 6. h3 Qc7 7. Bg5 e5 8. Bxf6
gxf6 9. e3 f5 10. Qc2 e4 11. Ng1 f4 12. O-O-O fxe3 13. fxe3 Qg3 14. Qd2 Bh6 15.
Re1 f5 16. Nd1 f4 17. Ne2 fxe3 18. Qc3 Qg5 19. Kb1 Nf6 20. g4 Rf8 21. Bg2 Qh4
22. Ref1 Bg5 23. Rhg1 h5 24. Nxe3 hxg4 25. hxg4 Qh6 26. Rh1 Qg7 27. Bh3 Be6 28.
Ng3 O-O-O 29. Ngf5 Qc7 30. Nd6+ Kb8 31. Nef5 Ne8 32. Nxe8 Rfxe8 33. Nd6 Rh8 34.
Qg3 Be7 35. Qe5 Bxd6 36. Qxe6 Bf4 37. g5 Rhg8 38. g6 Rde8 39. Qf7 Be3 40. Be6
Qa5 41. Qf6 Bxd4 42. Qxd4 Rxe6 43. g7 Ree8 44. Rh8 Ka7 45. Rxg8 Rxg8 46. Rf8
Qe1+ 47. Kc2 Qe2+ 48. Kb3 Qc4+ 49. Qxc4 dxc4+ 50. Kxc4 Rxg7 51. Re8 Rg2 52. Kc3
Rg3+ 53. Kd4 Rg2 54. Kc3 1/2-1/2

[Event "TCh-CZE Div1 Zapad 2012-13"]
[Site "Czech Republic CZE"]
[Date "2012.10.28"]
[Round "1.5"]
[White "Kubecka,D"]
[Black "Vavra,P1"]
[Result "1-0"]
[WhiteTitle "FM"]
[BlackTitle "IM"]
[WhiteElo "2218"]
[BlackElo "2376"]
[WhiteTeam "Sokol Praha - Vrsovice"]
[BlackTeam "SK ERA Postovni sporitelna"]
[WhiteFideId "307041"]
[BlackFideId "301841"]
[EventDate "2012.10.28"]

1. e4 e6 2. d4 d5 3. Nc3 Bb4 4. e5 c5 5. Bd2 f5 6. Nb5 Bxd2+ 7. Qxd2 cxd4 8. f4
Nc6 9. Nf3 Qb6 10. O-O-O Nh6 11. Nbxd4 Bd7 12. h3 Qa5 13. Qxa5 Nxa5 14. b3 Ke7
15. Kb2 g6 16. Be2 a6 17. Rc1 b5 18. c3 Rac8 19. g3 Nc6 20. b4 Na7 21. a4 Nf7
22. axb5 axb5 23. Ra1 Rc7 24. Ra6 Rb8 25. Rha1 Rbb7 26. Nb3 Nc8 27. Nc5 Rb8 28.
Nd4 Nd8 29. Nxd7 Rxd7 30. Bxb5 Rc7 31. Ra8 Rxa8 32. Rxa8 g5 33. Kb3 h5 34. h4
gxh4 35. gxh4 Nb6 36. Rxd8 1-0

[Event "TCh-CZE Div1 Zapad 2012-13"]
[Site "Czech Republic CZE"]
[Date "2012.10.28"]
[Round "1.6"]
[White "Havlikova,K"]
[Black "Liuba,Volodymyr"]
[Result "1/2-1/2"]
[WhiteTitle "WIM"]
[WhiteElo "2310"]
[BlackElo "2184"]
[WhiteTeam "SK ERA Postovni sporitelna"]
[BlackTeam "Sokol Praha - Vrsovice"]
[WhiteFideId "309672"]
[BlackFideId "14100614"]
[EventDate "2012.10.28"]

1. e4 d6 2. d4 Nf6 3. Nc3 g6 4. f4 Bg7 5. Nf3 c5 6. dxc5 Qa5 7. Bd3 Qxc5 8. Qe2
Bg4 9. a3 Nc6 10. Be3 Qh5 11. Rf1 O-O 12. Qd2 Rad8 13. h3 Bxf3 14. Rxf3 Qa5 15.
O-O-O Nd7 16. Nd5 Qa4 17. Nc3 Qa5 18. Nd5 Qa4 19. Nc3 Qa5 1/2-1/2

[Event "TCh-CZE Div1 Zapad 2012-13"]
[Site "Czech Republic CZE"]
[Date "2012.10.28"]
[Round "1.7"]
[White "Markovic,Milan CZE"]
[Black "Rehorek,M"]
[Result "1/2-1/2"]
[WhiteElo "2194"]
[BlackElo "2304"]
[WhiteTeam "Sokol Praha - Vrsovice"]
[BlackTeam "SK ERA Postovni sporitelna"]
[WhiteFideId "305103"]
[BlackFideId "303704"]
[EventDate "2012.10.28"]

1. e4 c5 2. Nf3 e6 3. d4 cxd4 4. Nxd4 Nc6 5. Nb5 d6 6. Bf4 e5 7. Bg5 Nf6 8. N1c3
a6 9. Na3 b5 10. Nd5 Be7 11. Bxf6 Bxf6 12. c3 O-O 13. Nc2 Bg5 14. a4 bxa4 15.
Rxa4 a5 16. Bc4 Rb8 17. b3 Kh8 18. h4 Bh6 19. g4 Bf4 20. Qf3 Be6 21. Nce3 Qd7
22. Rg1 Qd8 23. Rh1 Bxe3 24. fxe3 Ne7 25. Ra3 Bxd5 26. Bxd5 Nxd5 27. exd5 Qc7
28. Kd2 Rfc8 29. e4 Rb5 30. Rha1 Kg8 31. c4 Rc5 32. Qc3 Qd7 33. Qg3 Qd8 34. g5
Rb8 35. h5 Qb6 36. g6 hxg6 37. hxg6 Rc7 38. Rxa5 fxg6 39. Ra8 Rcc8 40. Rxb8 Rxb8
41. Kc2 Qd4 42. Qxg6 Qxa1 43. Qe6+ Kh7 44. Qh3+ Kg6 45. Qg4+ Kh6 46. Qh4+ 1/2-1/2

[Event "TCh-CZE Div1 Zapad 2012-13"]
[Site "Czech Republic CZE"]
[Date "2012.10.28"]
[Round "1.8"]
[White "Kovar,V"]
[Black "Erban,T"]
[Result "0-1"]
[WhiteElo "2263"]
[BlackElo "2142"]
[WhiteTeam "SK ERA Postovni sporitelna"]
[BlackTeam "Sokol Praha - Vrsovice"]
[WhiteFideId "314943"]
[BlackFideId "316040"]
[EventDate "2012.10.28"]

1. d4 Nf6 2. c4 d5 3. cxd5 Qxd5 4. Nc3 Qa5 5. Bd2 c6 6. Nf3 Bg4 7. e3 Nbd7 8. h3
Bh5 9. Bc4 e6 10. Rc1 a6 11. O-O Qd8 12. e4 Nb6 13. Bb3 Bb4 14. Bg5 h6 15. Bh4
g5 16. Bg3 g4 17. hxg4 Bxg4 18. Qd3 h5 19. Nh4 Rg8 20. e5 Nfd5 21. Qh7 Kd7 22.
Qxf7+ Qe7 23. Qxe7+ Nxe7 24. Ne4 Nbd5 25. f3 Bf5 26. Kf2 Bxe4 27. fxe4 Raf8+ 28.
Nf3 Nf4 29. Rcd1 h4 30. Bxf4 Rxf4 31. Ke3 Rgg4 32. Bc2 Ng6 33. Rf2 Rg3 34. Rh1
c5 35. Rh3 cxd4+ 36. Kxd4 Ba5 37. Rxg3 hxg3 38. Re2 Bb6+ 39. Kd3 Rxf3+ 40. gxf3
Nf4+ 0-1